书目信息 |
| 题名: |
家庭、私有制和国家的起源
|
|
| 作者: | 恩格斯 著 ;张仲实 译 | |
| 分册: | ||
| 出版信息: | 北京 人民出版社 1957 |
|
| 页数: | 177页 | |
| 开本: | 19cm | |
| 丛书名: | ||
| 单 册: | ||
| 中图分类: | A811.24 | |
| 科图分类: | ||
| 主题词: | 马恩著作--单行本--1873~1889年6月 , 马恩著作--学习 , 马恩著作研究 | |
| 电子资源: | ||
| ISBN: | ||
| 000 | 00866nam0 2200241 45 | |
| 001 | 0404191672 | |
| 005 | 20060727104519.78 | |
| 010 | @dCNY0.85@b精装 | |
| 091 | @a1001.508 | |
| 100 | @a20040419d1957 km y0chiy0120 ea | |
| 101 | 0 | @achi |
| 200 | 1 | @a家庭、私有制和国家的起源@AJia Ting、Si You Zhi He Guo Jia De Qi Yuan@EJiu Lu Yi Si·Heng·Mo Er Gen De YanJiu Cheng Guo Er Zuo@f恩格斯著@FEn Ge Si Zhu@g张仲实译@Gzhang zhong shi yi |
| 210 | @a北京@c人民出版社@d1957 | |
| 215 | @a177页@d19cm | |
| 517 | @a就路易斯·亨·摩尔根的研究成果而作@AJiu Lu Yi Si·Heng·Mo Er Gen De Yan Jiu Cheng Guo Er Zuo | |
| 606 | 0 | @a马恩著作@x单行本@z1873~1889年6月 |
| 606 | 0 | @a马恩著作@x学习 |
| 606 | 0 | @a马恩著作研究 |
| 690 | @aA811.24@v3 | |
| 701 | 0 | @a恩格斯@4著 |
| 702 | 0 | @a张仲实@Azhang zhong shi@4译 |
| 801 | @aCN@bPftUser@c20060727 | |
| 905 | @e193@dA811.24@f1@b65452 | |
| 家庭、私有制和国家的起源/恩格斯著/张仲实译.-北京:人民出版社,1957 |
| 177页;19cm |
| ISBN (精装):CNY0.85 |
| ● |
| 相关链接 |
|
|
|
|
正题名:家庭、私有制和国家的起源
索取号:A811.24/193
 
预约/预借
| 序号 | 登录号 | 条形码 | 馆藏地/架位号 | 状态 | 备注 |
| 1 | 0439946 | 204399463 | 密集书库/ [索取号:A811.24/193] | 在馆 |